[Event "II C.to Europeo"]
[Site "Ohrid MKD"]
[Date "2001.06.04"]
[Round "4"]
[White "Trkaljanov, Vladimir"]
[Black "Efimov, Igor"]
[Result "0-1"]
[WhiteElo "2249"]
[BlackElo "2480"]
[PlyCount "86"]
[EventDate "2001.06.01"]

1. e4 c5 2. Nf3 d6 3. d4 cxd4 4. Nxd4 Nf6 5. Nc3 Bd7 6. Bc4 Nc6 7. Bb3 Na5 8.
Qe2 Nxb3 9. axb3 e5 10. Nf3 h6 11. O-O Be7 12. Nd2 O-O 13. Nc4 Bc6 14. Rd1 Qc7
15. Ne3 Nxe4 16. Ncd5 Qd7 17. Nxe7+ Qxe7 18. Nf5 Qf6 19. Qg4 Nxf2 20. Kxf2 g6
21. Rxd6 Qxf5+ 22. Qxf5 gxf5 23. Bxh6 Rfe8 24. Bg5 a6 25. Rad1 Be4 26. R1d2 Kh7
27. Rh6+ Kg7 28. Rhd6 Rac8 29. c3 Re6 30. Rxe6 fxe6 31. Rd6 Kf7 32. h4 Bd5 33.
b4 Rc4 34. h5 Bc6 35. h6 Rg4 36. Bd2 Rxg2+ 37. Kf1 Rh2 38. c4 f4 39. Bc3 e4 40.
Be5 Rxh6 41. Kf2 Rh4 42. Rd8 e3+ 43. Ke2 f3+ 0-1

[Event "II C.to Europeo"]
[Site "Ohrid MKD"]
[Date "2001.06.05"]
[Round "5"]
[White "Belotti, Bruno"]
[Black "Kantsler, Boris"]
[Result "0-1"]
[WhiteElo "2440"]
[BlackElo "2507"]
[PlyCount "90"]
[EventDate "2001.06.01"]

1. e4 g6 2. d4 Bg7 3. Nc3 c6 4. Bc4 d6 5. Bb3 Nf6 6. Bg5 Qa5 7. Qd2 h6 8. Bh4
e5 9. Nge2 Nbd7 10. O-O-O O-O 11. f3 b5 12. dxe5 dxe5 13. Qd6 Qb6 14. Qe7 a5
15. a3 Ra7 16. Qd6 a4 17. Ba2 Re8 18. Rhf1 Bf8 19. Bf2 Qa6 20. Qd2 Rb7 21. Nb1
b4 22. axb4 Bxb4 23. Qxh6 Nf8 24. c3 a3 25. cxb4 axb2+ 26. Kxb2 Rxb4+ 27. Ka1
Qxe2 28. Qd2 Qb5 29. Nc3 Qa5 30. Rb1 Be6 31. Rxb4 Qxb4 32. Rb1 Qa5 33. Rb2 Rd8
34. Qc2 Ra8 35. Bb6 Qa6 36. Qe2 Bc4 37. Qd2 Ne6 38. Kb1 Bxa2+ 39. Nxa2 c5 40.
Qd6 Nd4 41. Qxf6 Qd3+ 42. Kc1 Ne2+ 43. Rxe2 Qxe2 44. Ba5 Qxa2 45. Bc3 Rb8 0-1

[Event "II C.to Europeo"]
[Site "Ohrid MKD"]
[Date "2001.06.05"]
[Round "5"]
[White "Godena, Michele"]
[Black "Huzman, Alexander"]
[Result "1/2-1/2"]
[WhiteElo "2494"]
[BlackElo "2578"]
[PlyCount "25"]
[EventDate "2001.06.01"]

1. e4 e6 2. d4 d5 3. Nd2 c5 4. Ngf3 cxd4 5. Nxd4 Nc6 6. Bb5 Bd7 7. Nxc6 Bxc6 8.
Bxc6+ bxc6 9. c4 Qa5 10. exd5 cxd5 11. cxd5 Qxd5 12. Qa4+ Qd7 13. Qxd7+ 1/2-1/2

[Event "II C.to Europeo"]
[Site "Ohrid MKD"]
[Date "2001.06.05"]
[Round "5"]
[White "Rossi, Carlo"]
[Black "Sulava, Nenad"]
[Result "0-1"]
[WhiteElo "2418"]
[BlackElo "2526"]
[PlyCount "122"]
[EventDate "2001.06.01"]

1. Nf3 d5 2. b3 Bg4 3. Bb2 Bxf3 4. gxf3 e6 5. e3 Nf6 6. c4 c6 7. Nc3 g6 8. Ne2
Bg7 9. Ng3 Nbd7 10. Qc2 Qe7 11. Rg1 O-O 12. f4 Ne8 13. Rc1 Bxb2 14. Qxb2 Ng7
15. Be2 a5 16. cxd5 exd5 17. h4 a4 18. b4 a3 19. Qc3 Qf6 20. Qxf6 Nxf6 21. d4
Rfc8 22. Kd2 Kf8 23. Kc2 Nge8 24. f5 Nd6 25. fxg6 hxg6 26. h5 gxh5 27. Nxh5
Nxh5 28. Bxh5 Ke7 29. Be2 Rh8 30. Rg2 Rag8 31. Rxg8 Rxg8 32. Bd3 Rg2 33. Rf1
Nc4 34. Bxc4 dxc4 35. b5 cxb5 36. Kc3 Kd6 37. Kb4 Kc6 38. Kxa3 Rg8 39. Rh1 Ra8+
40. Kb2 b4 41. Rh6+ Kb5 42. Rh5+ Ka4 43. Rf5 c3+ 44. Kc2 Ka3 45. Rxf7 b5 46.
Rb7 b3+ 47. axb3 Kb4 48. Kd3 Ra2 49. e4 Rd2+ 50. Ke3 Rd1 51. Rc7 Kxb3 52. Rc5
b4 53. d5 c2 54. f4 c1=Q+ 55. Rxc1 Rxc1 56. d6 Rd1 57. e5 Kc4 58. f5 b3 59. e6
b2 60. Kf4 b1=Q 61. e7 Rf1+ 0-1

[Event "II C.to Europeo"]
[Site "Ohrid MKD"]
[Date "2001.06.06"]
[Round "6"]
[White "Kozul, Zdenko"]
[Black "Belotti, Bruno"]
[Result "1-0"]
[WhiteElo "2595"]
[BlackElo "2440"]
[PlyCount "97"]
[EventDate "2001.06.01"]

1. d4 Nf6 2. Nf3 b6 3. c4 e6 4. g3 Ba6 5. Qa4 c5 6. Bg2 Bb7 7. dxc5 bxc5 8. O-O
Be7 9. Nc3 O-O 10. Rd1 d6 11. Bf4 Bc6 12. Qc2 Qc7 13. Rd2 a6 14. Rad1 Rd8 15.
e4 Nh5 16. Bg5 Nf6 17. Bxf6 Bxf6 18. e5 dxe5 19. Rxd8+ Bxd8 20. Nxe5 Bxg2 21.
Kxg2 Bf6 22. Qe4 Ra7 23. Na4 g6 24. f4 Bxe5 25. fxe5 Nd7 26. Rd6 Qb7 27. Qxb7
Rxb7 28. b3 Rc7 29. Rxa6 Nxe5 30. Ra5 Nd7 31. Nc3 f5 32. Ra8+ Kf7 33. Nb5 Rc6
34. a4 Rb6 35. a5 Rb8 36. Rxb8 Nxb8 37. Nc7 Ke7 38. a6 Nxa6 39. Nxa6 Kd6 40.
Kf3 Kc6 41. b4 cxb4 42. Nxb4+ Kc5 43. Nd3+ Kxc4 44. Ne5+ Kd4 45. Nd7 g5 46. Nf8
g4+ 47. Kf4 e5+ 48. Kxf5 h5 49. Ne6+ 1-0

[Event "II C.to Europeo"]
[Site "Ohrid MKD"]
[Date "2001.06.06"]
[Round "6"]
[White "Mchedlishvili, Mikheil"]
[Black "Efimov, Igor"]
[Result "1/2-1/2"]
[WhiteElo "2416"]
[BlackElo "2480"]
[PlyCount "95"]
[EventDate "2001.06.01"]

1. d4 d5 2. c4 dxc4 3. Nf3 a6 4. e3 Be6 5. Ng5 Bd5 6. e4 h6 7. exd5 hxg5 8.
Bxc4 Qd6 9. h3 Qb4+ 10. Nd2 Nf6 11. O-O Nbd7 12. Qe2 Nb6 13. Bb3 g4 14. Ne4
gxh3 15. Nxf6+ gxf6 16. g3 h2+ 17. Kh1 Qb5 18. Qxb5+ axb5 19. Bf4 O-O-O 20.
Rfc1 Rd7 21. a4 Bh6 22. a5 Nc4 23. Bxh6 Rxh6 24. Bxc4 bxc4 25. Rxc4 f5 26. Rc5
Rhd6 27. Re1 f6 28. Kxh2 Kd8 29. Rb5 b6 30. axb6 cxb6 31. Kg2 Kc7 32. Kf3 Kb7
33. Kf4 Ka6 34. Rb3 Rxd5 35. Rbe3 Rb5 36. Rxe7 Rxd4+ 37. Ke3 Ra4 38. Rb1 f4+
39. gxf4 Rb3+ 40. Ke2 Rxf4 41. Re3 Rfb4 42. Rf3 Rxf3 43. Kxf3 Kb5 44. Re1 Rb3+
45. Kg4 Rxb2 46. f4 Rc2 47. Kf5 Rc6 48. Re6 1/2-1/2

[Event "II C.to Europeo"]
[Site "Ohrid MKD"]
[Date "2001.06.06"]
[Round "6"]
[White "Ulker, Ates"]
[Black "Rossi, Carlo"]
[Result "0-1"]
[WhiteElo "2332"]
[BlackElo "2418"]
[PlyCount "174"]
[EventDate "2001.06.01"]

1. e4 c6 2. Nc3 d5 3. d4 g6 4. Nf3 Bg4 5. Be2 Bg7 6. Be3 Nf6 7. e5 Nfd7 8. Qd2
h6 9. h3 Bxf3 10. Bxf3 e6 11. Ne2 c5 12. c3 Nc6 13. O-O Qa5 14. Rfd1 Rc8 15.
Qc1 cxd4 16. cxd4 O-O 17. Nc3 Kh7 18. Qd2 Rfd8 19. Ne2 Qxd2 20. Bxd2 Nb6 21. b3
a5 22. a4 Bf8 23. Rdc1 Nd7 24. Kf1 Ndb8 25. Bc3 Na6 26. Nf4 Bb4 27. Ne2 Rc7 28.
Bb2 Bd2 29. Rd1 Bg5 30. Nc3 Nab4 31. Nb5 Rcd7 32. Be2 h5 33. g3 Nc2 34. Rab1 h4
35. gxh4 Bxh4 36. Rd2 N2b4 37. Bc3 Bg5 38. Rdb2 Kg7 39. Rd1 Rc8 40. Nd6 Rh8 41.
Kg2 Be7 42. Nb5 Bd8 43. Bd2 f6 44. exf6+ Bxf6 45. Bf4 e5 46. dxe5 Nxe5 47. Rbd2
Rh4 48. Bg3 Rh8 49. Nd4 Nec6 50. Ne6+ Kf7 51. Nc5 Re7 52. Bd6 Ree8 53. Nxb7 Bc3
54. Bc5 Rb8 55. Nd6+ Kf6 56. Bg4 Bxd2 57. Rxd2 Rhd8 58. Nb5 Ne5 59. Bd4 g5 60.
Re2 Nbc6 61. Bb2 d4 62. Bh5 Nd3 63. Bf3 Nf4+ 64. Kf1 Nxe2 65. Bxc6 Rbc8 66.
Kxe2 Rxc6 67. Nxd4 Re8+ 68. Kf3 Ra6 69. Bc3 Kg6 70. Nb5 Rd8 71. Kg4 Rf8 72. f3
Rf4+ 73. Kg3 Kh5 74. Bd2 Rf5 75. Nd4 Rd5 76. Bc3 Ra8 77. f4 Rad8 78. Ne2 Rd3+
79. Kf2 Rxc3 80. Nxc3 gxf4 81. Ne4 Rd3 82. Nc5 Rxh3 83. Nb7 Kg4 84. Nxa5 Rh2+
85. Kg1 Kg3 86. Nc4 f3 87. Ne3 f2+ 0-1

[Event "II C.to Europeo"]
[Site "Ohrid MKD"]
[Date "2001.06.06"]
[Round "6"]
[White "Volzhin, Alexander"]
[Black "Arlandi, Ennio"]
[Result "1/2-1/2"]
[WhiteElo "2528"]
[BlackElo "2423"]
[PlyCount "95"]
[EventDate "2001.06.01"]

1. e4 c5 2. Nf3 e6 3. d3 Nc6 4. g3 g6 5. Bg2 Bg7 6. O-O Nge7 7. c3 O-O 8. Re1
d6 9. Be3 b6 10. d4 Bb7 11. Na3 cxd4 12. Nxd4 Nxd4 13. Bxd4 e5 14. Be3 d5 15.
exd5 Bxd5 16. Bxd5 Qxd5 17. Qxd5 Nxd5 18. Rad1 Rfd8 19. Bd2 Nc7 20. Nc4 Rd5 21.
Be3 Rad8 22. Rxd5 Rxd5 23. a4 Ne6 24. Kf1 Nc5 25. Bxc5 Rxc5 26. Nd6 Rc6 27. Rd1
Bf8 28. Ne4 f5 29. Nd2 e4 30. Ke2 Kf7 31. Nb3 Rd6 32. Rxd6 Bxd6 33. Nd4 a5 34.
f3 exf3+ 35. Nxf3 Ke6 36. Kd3 Kd5 37. Nd2 g5 38. Nc4 Bc5 39. b4 axb4 40. cxb4
Bxb4 41. Nxb6+ Ke6 42. Nc4 Bc5 43. a5 h5 44. a6 Kd5 45. Nd2 g4 46. Nc4 Bg1 47.
Ne3+ Kc6 48. Nxf5 1/2-1/2

[Event "II C.to Europeo"]
[Site "Ohrid MKD"]
[Date "2001.06.07"]
[Round "7"]
[White "Arlandi, Ennio"]
[Black "Yegiazarian, Arsen"]
[Result "1/2-1/2"]
[WhiteElo "2423"]
[BlackElo "2529"]
[PlyCount "96"]
[EventDate "2001.06.01"]

1. d4 Nf6 2. c4 e6 3. Nc3 Bb4 4. Qc2 c5 5. dxc5 O-O 6. a3 Bxc5 7. Nf3 b6 8. Bg5
Bb7 9. e4 h6 10. Bh4 Be7 11. Be2 Nh5 12. Bxe7 Qxe7 13. Qd2 Nf6 14. e5 Ne4 15.
Nxe4 Bxe4 16. Rd1 Nc6 17. O-O Rad8 18. Qe3 Bxf3 19. Bxf3 Na5 20. Rd4 Rc8 21.
Qd3 Rfd8 22. Rd1 Nc6 23. Bxc6 Rxc6 24. h4 Rc7 25. Qg3 Rdc8 26. Rg4 f5 27. exf6
Qxf6 28. Rdd4 h5 29. Rgf4 Qe7 30. Rde4 a6 31. b4 a5 32. Qf3 axb4 33. axb4 Qxb4
34. Qxh5 Rf8 35. Qg5 Rxf4 36. Qxf4 Rc8 37. Kh2 Rf8 38. Qg3 Qb2 39. f3 Qd2 40.
Rg4 Rf7 41. Qb8+ Rf8 42. Qe5 Rf7 43. Kh3 Qb4 44. Qb8+ Qf8 45. Qxb6 Rxf3+ 46.
gxf3 Qxf3+ 47. Rg3 Qh1+ 48. Kg4 Qe4+ 1/2-1/2

[Event "II C.to Europeo"]
[Site "Ohrid MKD"]
[Date "2001.06.07"]
[Round "7"]
[White "Belotti, Bruno"]
[Black "Kocovski, Ivan"]
[Result "1/2-1/2"]
[WhiteElo "2440"]
[BlackElo "2324"]
[PlyCount "36"]
[EventDate "2001.06.01"]

1. Nf3 c5 2. g3 b6 3. e4 Bb7 4. d3 g6 5. Bg2 Bg7 6. O-O d6 7. Nc3 Nf6 8. Nh4
Nc6 9. Be3 O-O 10. h3 e5 11. Qd2 Nd4 12. Bg5 Qd7 13. Kh2 Ne6 14. Bh6 d5 15.
Bxg7 Kxg7 16. Rae1 dxe4 17. Nxe4 Nxe4 18. Bxe4 Bxe4 1/2-1/2

[Event "II C.to Europeo"]
[Site "Ohrid MKD"]
[Date "2001.06.07"]
[Round "7"]
[White "Brendel, Oliver"]
[Black "Zlochevskij, Alexander"]
[Result "1/2-1/2"]
[WhiteElo "2389"]
[BlackElo "2469"]
[PlyCount "26"]
[EventDate "2001.06.01"]

1. e4 e6 2. d3 d5 3. Nd2 g6 4. Ngf3 Bg7 5. g3 Ne7 6. Bg2 c5 7. O-O Nbc6 8. Re1
h6 9. c3 b6 10. exd5 exd5 11. d4 cxd4 12. Nxd4 Nxd4 13. cxd4 O-O 1/2-1/2

[Event "II C.to Europeo"]
[Site "Ohrid MKD"]
[Date "2001.06.07"]
[Round "7"]
[White "Efimov, Igor"]
[Black "Kutirov, Rolando"]
[Result "1-0"]
[WhiteElo "2480"]
[BlackElo "2381"]
[PlyCount "63"]
[EventDate "2001.06.01"]

1. d4 d5 2. c4 c6 3. Nc3 Nf6 4. Nf3 e6 5. Bg5 h6 6. Bxf6 Qxf6 7. Qd3 Nd7 8. e4
dxc4 9. Qxc4 e5 10. d5 Nb6 11. Qb3 Bg4 12. Be2 Bc5 13. Rc1 Bxf3 14. Bxf3 O-O
15. O-O Rab8 16. Rc2 Be7 17. Rd1 Rfd8 18. Bg4 g6 19. Rd3 Qd6 20. a3 h5 21. Bh3
Kg7 22. g3 Bf6 23. Bf1 Qe7 24. h4 cxd5 25. exd5 e4 26. d6 Rxd6 27. Rxd6 Qxd6
28. Nxe4 Qe5 29. Nxf6 Qxf6 30. Rc7 Rd8 31. Rxb7 Rd2 32. Rxf7+ 1-0

[Event "II C.to Europeo"]
[Site "Ohrid MKD"]
[Date "2001.06.07"]
[Round "7"]
[White "Godena, Michele"]
[Black "Guliev, Sarhan"]
[Result "1-0"]
[WhiteElo "2494"]
[BlackElo "2528"]
[PlyCount "67"]
[EventDate "2001.06.01"]

1. e4 c6 2. d4 d5 3. Nd2 dxe4 4. Nxe4 Bf5 5. Ng3 Bg6 6. Nh3 e6 7. Nf4 Bd6 8.
Nxg6 hxg6 9. Ne4 Be7 10. c3 Nd7 11. g3 Ngf6 12. Ng5 Nh7 13. Nf3 Ng5 14. h4
Nxf3+ 15. Qxf3 a5 16. a4 Nb6 17. Bd3 Nd5 18. Bc2 Nf6 19. Bb3 Qb6 20. Bc4 Nd5
21. Kf1 Rd8 22. Kg2 c5 23. Bb5+ Kf8 24. h5 Rxh5 25. Rxh5 gxh5 26. Qxh5 Bf6 27.
c4 Nb4 28. dxc5 Qc7 29. Bf4 e5 30. Bg5 Nd3 31. Qh8+ Ke7 32. Qxg7 Bxg5 33. Qxg5+
Ke6 34. Rh1 1-0

[Event "II C.to Europeo"]
[Site "Ohrid MKD"]
[Date "2001.06.09"]
[Round "8"]
[White "Haznedaroglu, Kivanc"]
[Black "Belotti, Bruno"]
[Result "0-1"]
[WhiteElo "2358"]
[BlackElo "2440"]
[PlyCount "50"]
[EventDate "2001.06.01"]

1. e4 c5 2. Nf3 d6 3. d4 Nf6 4. Nc3 cxd4 5. Nxd4 a6 6. Bg5 e6 7. f4 Qb6 8. Nb3
Be7 9. Qf3 Nbd7 10. Bd3 Qc7 11. O-O-O b5 12. Bxf6 Nxf6 13. g4 b4 14. Ne2 Bb7
15. g5 Nd7 16. h4 O-O 17. Nbd4 Nc5 18. h5 f5 19. gxf6 Bxf6 20. Qg4 Rae8 21. h6
Nxd3+ 22. Rxd3 Bxe4 23. Nxe6 Qc8 24. hxg7 Rf7 25. f5 Bxd3 0-1

[Event "II C.to Europeo"]
[Site "Ohrid MKD"]
[Date "2001.06.09"]
[Round "8"]
[White "Mitkov, Nikola"]
[Black "Godena, Michele"]
[Result "0-1"]
[WhiteElo "2578"]
[BlackElo "2494"]
[PlyCount "114"]
[EventDate "2001.06.01"]

1. e4 e5 2. Bc4 Nf6 3. d3 Nc6 4. Nc3 Na5 5. Nge2 c6 6. a4 d5 7. exd5 cxd5 8.
Bb5+ Nc6 9. f4 exf4 10. Bxf4 Be7 11. O-O O-O 12. d4 Bf5 13. Bg5 Bg6 14. Nf4 Rc8
15. Nxg6 hxg6 16. Ne2 Ne4 17. Bxe7 Nxe7 18. c3 Nf5 19. Qc1 a6 20. Bd3 Re8 21.
Qf4 Rc6 22. Ng3 Nexg3 23. hxg3 Rf6 24. Rfe1 Ne3 25. Qh4 Re7 26. g4 Qe8 27. Re2
Rfe6 28. Rae1 f5 29. gxf5 gxf5 30. Qf2 g6 31. Qf4 Kg7 32. Qg3 Ng4 33. Rxe6 Rxe6
34. Rxe6 Qxe6 35. Kf1 Ne3+ 36. Kg1 Ng4 37. a5 Qe7 38. Kf1 Qg5 39. Be2 Qc1+ 40.
Qe1 Ne3+ 41. Kf2 Qxe1+ 42. Kxe1 Nxg2+ 43. Kf2 Nf4 44. Bf3 Kf6 45. Ke3 g5 46. c4
Ke7 47. b3 Kd6 48. Bh1 Kd7 49. Bf3 Kc7 50. Bh1 b6 51. axb6+ Kxb6 52. Bf3 a5 53.
Bh1 dxc4 54. bxc4 a4 55. c5+ Kc7 56. Kf2 g4 57. Ke3 a3 0-1

[Event "II C.to Europeo"]
[Site "Ohrid MKD"]
[Date "2001.06.09"]
[Round "8"]
[White "Rossi, Carlo"]
[Black "Arbakov, Valentin"]
[Result "1-0"]
[WhiteElo "2418"]
[BlackElo "2491"]
[PlyCount "103"]
[EventDate "2001.06.01"]

1. e4 c5 2. Nf3 d6 3. d4 Nf6 4. Nc3 cxd4 5. Nxd4 a6 6. Bc4 Qc7 7. Bb3 e6 8. O-O
Nc6 9. Be3 Na5 10. Qf3 Be7 11. Qg3 O-O 12. Bh6 Ne8 13. Rfe1 Kh8 14. Bg5 Bxg5
15. Qxg5 h6 16. Qh4 Bd7 17. Rad1 Nf6 18. Re3 b5 19. Rf3 Qd8 20. Nde2 Nb7 21. e5
Ne8 22. Qd4 Bc6 23. Rg3 dxe5 24. Qxe5 Qf6 25. Qe3 Rd8 26. Nd4 Na5 27. Nxc6
Rxd1+ 28. Nxd1 Nxc6 29. Qc5 Ne7 30. Rf3 Qg5 31. Qxg5 hxg5 32. Bxe6 Nf6 33. Bb3
Nc6 34. Rd3 a5 35. a4 bxa4 36. Bxa4 Ne5 37. Rd4 g4 38. Ne3 g6 39. Bb3 Kg7 40.
Nc4 Nc6 41. Rd6 Rc8 42. Kf1 Rc7 43. c3 Ne4 44. Rd5 f5 45. f3 Nf6 46. Rc5 Nd7
47. Rb5 gxf3 48. gxf3 Kf6 49. f4 Ra7 50. Ba4 Ra6 51. Rd5 Ke7 52. Bb5 1-0

[Event "II C.to Europeo"]
[Site "Ohrid MKD"]
[Date "2001.06.10"]
[Round "9"]
[White "Belotti, Bruno"]
[Black "Minasian, Ara"]
[Result "1/2-1/2"]
[WhiteElo "2440"]
[BlackElo "2478"]
[PlyCount "111"]
[EventDate "2001.06.01"]

1. e4 e5 2. Nf3 Nc6 3. Bb5 a6 4. Ba4 Nf6 5. O-O Be7 6. Re1 b5 7. Bb3 O-O 8. d4
Nxd4 9. Bxf7+ Rxf7 10. Nxe5 Rf8 11. Qxd4 c5 12. Qd3 c4 13. Qe2 Bb7 14. Nc3 Qc7
15. Ng4 b4 16. Nd5 Nxd5 17. exd5 Rae8 18. Be3 Bxd5 19. Bd4 Qf4 20. Qe5 Qxe5 21.
Rxe5 Be6 22. h3 Bxg4 23. hxg4 Bf6 24. Rxe8 Rxe8 25. Bxf6 gxf6 26. Kf1 Re5 27.
a3 Ra5 28. a4 Kf7 29. Ke2 Re5+ 30. Kd2 Rg5 31. f3 h5 32. Ke3 hxg4 33. Kd4 gxf3
34. gxf3 d5 35. c3 b3 36. Re1 Rf5 37. Re3 a5 38. Kc5 Kg6 39. Re2 Kg5 40. Kb6 d4
41. cxd4 Kf4 42. Kc6 Kxf3 43. Re1 Rh5 44. d5 Rh2 45. Rb1 Rc2 46. d6 c3 47. bxc3
Rxc3+ 48. Kb6 Rd3 49. Kc7 Rc3+ 50. Kd8 Ke2 51. d7 Kd2 52. Ke7 Re3+ 53. Kxf6 Rd3
54. Rxb3 Rxd7 55. Rb5 Kc3 56. Rxa5 1/2-1/2

[Event "II C.to Europeo"]
[Site "Ohrid MKD"]
[Date "2001.06.10"]
[Round "9"]
[White "Blehm, Pawel"]
[Black "Zlochevskij, Alexander"]
[Result "1/2-1/2"]
[WhiteElo "2530"]
[BlackElo "2469"]
[PlyCount "84"]
[EventDate "2001.06.01"]

1. e4 c6 2. d4 d5 3. e5 c5 4. dxc5 e6 5. Nf3 Bxc5 6. Nbd2 Nc6 7. Nb3 Bb6 8. Bf4
f6 9. Bd3 fxe5 10. Bxe5 Nf6 11. Qe2 O-O 12. O-O-O Bd7 13. c3 Nxe5 14. Nxe5 Ba4
15. f4 Qc7 16. Bc2 Rae8 17. g4 Bxb3 18. axb3 Nd7 19. Nxd7 Qxd7 20. Rhf1 Bc7 21.
Qd3 g6 22. Qd2 Re7 23. Kb1 Ref7 24. f5 exf5 25. gxf5 gxf5 26. Qd4 Bb6 27. Qe5
Re7 28. Qg3+ Rg7 29. Qf3 f4 30. Qh5 Qf7 31. Qf3 Qd7 32. b4 Kh8 33. c4 Qg4 34.
Qxd5 Be3 35. Qe5 Qg5 36. Qe4 Qe7 37. Qd3 Qxb4 38. h4 Qe7 39. h5 h6 40. Qc3 Qf6
41. Qa3 Qe7 42. Qc3 Qf6 1/2-1/2

[Event "II C.to Europeo"]
[Site "Ohrid MKD"]
[Date "2001.06.10"]
[Round "9"]
[White "Efimov, Igor"]
[Black "Organdziev, Oliver"]
[Result "1/2-1/2"]
[WhiteElo "2480"]
[BlackElo "2322"]
[PlyCount "76"]
[EventDate "2001.06.01"]

1. d4 d5 2. c4 Bf5 3. cxd5 Bxb1 4. Qa4+ c6 5. Rxb1 Qxd5 6. Nf3 Nd7 7. b4 e6 8.
g3 a5 9. a3 Nb6 10. Qc2 axb4 11. axb4 Ra2 12. Qd3 Nf6 13. Bg2 Qe4 14. O-O Qxd3
15. exd3 Nfd5 16. b5 Nc3 17. bxc6 Nxb1 18. Bf4 Nc3 19. cxb7 Nd7 20. Ne5 Bd6 21.
Bc6 Bxe5 22. Bxe5 Ke7 23. Bxd7 Kxd7 24. b8=Q Rxb8 25. Bxb8 Ra8 26. Be5 f6 27.
Bf4 Ne2+ 28. Kg2 Nxd4 29. Rb1 e5 30. Be3 Ne6 31. Rb7+ Kd6 32. Kf3 Ra4 33. h4 h5
34. Rb8 Ke7 35. Rh8 Nd4+ 36. Bxd4 Rxd4 37. Rxh5 Rxd3+ 38. Ke2 Rd8 1/2-1/2

[Event "II C.to Europeo"]
[Site "Ohrid MKD"]
[Date "2001.06.10"]
[Round "9"]
[White "Godena, Michele"]
[Black "Conquest, Stuart C."]
[Result "1-0"]
[WhiteElo "2494"]
[BlackElo "2563"]
[PlyCount "77"]
[EventDate "2001.06.01"]

1. e4 c6 2. d4 d5 3. Nc3 dxe4 4. Nxe4 Nd7 5. Bc4 Ngf6 6. Ng5 e6 7. Qe2 Nb6 8.
Bd3 h6 9. N5f3 c5 10. dxc5 Nbd7 11. Ne5 Nxe5 12. Qxe5 Nd7 13. Qe2 Nxc5 14. Bb5+
Bd7 15. Bxd7+ Nxd7 16. Nf3 Qc7 17. O-O Bc5 18. Rd1 Rd8 19. Be3 O-O 20. Bxc5
Nxc5 21. c3 a6 22. h3 Na4 23. c4 Qb6 24. Rxd8 Rxd8 25. b3 Nc5 26. Rd1 f5 27.
Rxd8+ Qxd8 28. Qe5 Qb6 29. Qd4 Qa5 30. Qd6 Kh7 31. Kh2 b6 32. h4 Qb4 33. h5 a5
34. Qg3 Kg8 35. Qb8+ Kh7 36. Ne5 Na6 37. Qd8 Qc5 38. f4 Qc7 39. Qe8 1-0

[Event "II C.to Europeo"]
[Site "Ohrid MKD"]
[Date "2001.06.10"]
[Round "9"]
[White "Konopka, Michal"]
[Black "Rossi, Carlo"]
[Result "1-0"]
[WhiteElo "2507"]
[BlackElo "2418"]
[PlyCount "73"]
[EventDate "2001.06.01"]

1. Nf3 d6 2. d4 Bg4 3. e4 Nf6 4. Nc3 e6 5. h3 Bh5 6. Qe2 c6 7. Bg5 Be7 8. g4
Bg6 9. Bxf6 Bxf6 10. O-O-O d5 11. exd5 cxd5 12. h4 h5 13. g5 Be7 14. Ne5 Bf5
15. Bh3 Bxh3 16. Rxh3 Nc6 17. Rf3 Nxe5 18. Qxe5 O-O 19. g6 fxg6 20. Qxe6+ Kh7
21. Rg3 Rf6 22. Qxd5 Rd6 23. Qe4 Bxh4 24. Rh3 Bxf2 25. Rxh5+ Kg8 26. Rd5 Rxd5
27. Nxd5 Qg5+ 28. Kb1 Rd8 29. Ne7+ Kf7 30. Rf1 Qd2 31. Nxg6 Qxd4 32. Qf5+ Qf6
33. Ne5+ Kg8 34. Qh5 Rd4 35. Qe8+ Kh7 36. Nd3 Qf3 37. Nxf2 1-0

[Event "II C.to Europeo"]
[Site "Ohrid MKD"]
[Date "2001.06.11"]
[Round "10"]
[White "Degraeve, Jean-Marc"]
[Black "Efimov, Igor"]
[Result "1-0"]
[WhiteElo "2589"]
[BlackElo "2480"]
[PlyCount "47"]
[EventDate "2001.06.01"]

1. e4 c5 2. Nf3 d6 3. Bc4 a6 4. d3 Nc6 5. a3 g6 6. O-O Bg7 7. c3 Nf6 8. Ba2 O-O
9. Nbd2 Ne8 10. Nc4 b5 11. Ne3 a5 12. d4 cxd4 13. cxd4 Ba6 14. Ng4 b4 15. Re1
e6 16. Bh6 Ne7 17. Qd2 Kh8 18. Bxg7+ Nxg7 19. axb4 f5 20. exf5 gxf5 21. Nh6 Qe8
22. Bxe6 Nxe6 23. Rxe6 Bc4 24. d5 1-0

[Event "II C.to Europeo"]
[Site "Ohrid MKD"]
[Date "2001.06.11"]
[Round "10"]
[White "Godena, Michele"]
[Black "Asrian, Karen"]
[Result "1/2-1/2"]
[WhiteElo "2494"]
[BlackElo "2582"]
[PlyCount "34"]
[EventDate "2001.06.01"]

1. e4 c6 2. d4 d5 3. Nd2 dxe4 4. Nxe4 Bf5 5. Ng3 Bg6 6. Nh3 e6 7. Nf4 Qc7 8. h4
Bd6 9. Nxg6 hxg6 10. Ne4 Bf4 11. g3 Bxc1 12. Qxc1 Nd7 13. Bg2 Ne7 14. Qd2 Nf5
15. c3 Nf6 16. Ng5 O-O-O 17. Qe2 Rhe8 1/2-1/2

[Event "II C.to Europeo"]
[Site "Ohrid MKD"]
[Date "2001.06.11"]
[Round "10"]
[White "Rossi, Carlo"]
[Black "Kocovski, Ivan"]
[Result "0-1"]
[WhiteElo "2418"]
[BlackElo "2324"]
[PlyCount "62"]
[EventDate "2001.06.01"]

1. Nf3 Nf6 2. g3 g6 3. Bg2 Bg7 4. Nc3 d5 5. d3 O-O 6. Bd2 c6 7. O-O Nbd7 8. e4
dxe4 9. dxe4 e5 10. Qe2 Qc7 11. b4 Re8 12. Na4 b5 13. Nb2 Nb6 14. a4 Be6 15.
Bc3 Nc4 16. Nd3 Bg4 17. h3 Nxe4 18. Qxe4 f5 19. Qxc6 Qxc6 20. Nfxe5 Qc7 21.
Bd5+ Kf8 22. Bxa8 Nxe5 23. Nc5 Nf3+ 24. Kg2 Bxc3 25. hxg4 fxg4 26. Rad1 Bd4 27.
Rxd4 Nxd4 28. Bd5 Qd6 29. Bb7 Nxc2 30. axb5 Nxb4 31. Rc1 Nd3 0-1

[Event "II C.to Europeo"]
[Site "Ohrid MKD"]
[Date "2001.06.11"]
[Round "10"]
[White "Sargissian, Gabriel"]
[Black "Belotti, Bruno"]
[Result "1/2-1/2"]
[WhiteElo "2517"]
[BlackElo "2440"]
[PlyCount "62"]
[EventDate "2001.06.01"]

1. Nf3 c5 2. c4 Nf6 3. e3 g6 4. d4 Bg7 5. Nc3 O-O 6. Be2 d5 7. O-O cxd4 8. exd4
Nc6 9. h3 b6 10. Bg5 Bb7 11. Re1 Rc8 12. Rc1 dxc4 13. Bxc4 Na5 14. Bf1 a6 15.
Ne5 b5 16. a3 Qd6 17. Qd2 Nb3 18. Qd3 Nxc1 19. Rxc1 Rfd8 20. Rd1 Bd5 21. Qe3
Be6 22. Qf3 Bc4 23. Bxc4 bxc4 24. Bf4 Qb6 25. d5 Qxb2 26. Nc6 Rd7 27. Rb1 Qxa3
28. Bc1 Qd6 29. Bf4 Qa3 30. Bc1 Qd6 31. Bf4 Qa3 1/2-1/2

[Event "II C.to Europeo"]
[Site "Ohrid MKD"]
[Date "2001.06.12"]
[Round "11"]
[White "Arlandi, Ennio"]
[Black "Mrva, Martin"]
[Result "1/2-1/2"]
[WhiteElo "2423"]
[BlackElo "2479"]
[PlyCount "144"]
[EventDate "2001.06.01"]

1. d4 Nf6 2. c4 g6 3. Nc3 Bg7 4. e4 d6 5. Nf3 O-O 6. Be2 c5 7. O-O e6 8. h3 b6
9. Bg5 cxd4 10. Nxd4 a6 11. Re1 Bb7 12. Bf1 h6 13. Bh4 Nbd7 14. Nb3 Qc7 15. f4
Rfe8 16. Qd2 Rad8 17. Rad1 Nc5 18. Qc2 Rc8 19. Bf2 Nh5 20. Nxc5 dxc5 21. g3 Bd4
22. Kh2 e5 23. f5 gxf5 24. Nd5 Qd8 25. exf5 Nf6 26. Nxf6+ Qxf6 27. Bg2 Bxg2 28.
Kxg2 Kh7 29. b3 Rg8 30. Qe4 h5 31. Rd3 Rg5 32. Rf3 Rd8 33. Be3 Rg7 34. Re2 Kh8
35. Kf2 Rgg8 36. Bxd4 exd4 37. Qe7 Kg7 38. Ke1 Qxe7 39. Rxe7 Kf6 40. Rb7 Rd6
41. Kd2 Re8 42. a3 a5 43. g4 Rg8 44. Rg3 Rg7 45. Kd3 hxg4 46. hxg4 Kg5 47. Ke4
Rh7 48. Rb8 Rg7 49. Rh8 Rh6 50. Rxh6 Kxh6 51. Kf4 Rh7 52. g5+ Kg7 53. g6 Rh6
54. Ke5 fxg6 55. Ke6 Kf8 56. f6 Rh1 57. Rxg6 Re1+ 58. Kd5 d3 59. Rg7 Re2 60.
Rg3 d2 61. Rd3 Kf7 62. Kc6 Re3 63. Rd7+ Kxf6 64. Kxb6 Rxb3+ 65. Kxc5 Rb2 66.
Rd5 a4 67. Kd6 Rb8 68. Kc7 Rb2 69. Kd6 Rb8 70. Kd7 Rb7+ 71. Kc6 Rb2 72. Kd6 Rb8
1/2-1/2